FNAF Guard - Statistics

General Stats
  • This quiz has been taken 142 times
  • The average score is 6 of 8
Answer Stats
Pizza🍕🍕🍕 Guard % Correct
FNAF 1 Mike Schmidt
84%
FNAF 3 Michael Afton
81%
FNAF SL Michael Afton
81%
FNAF 6 Michael Afton
81%
FNAF UCN William?
81%
FNAF 2 Jeremy Fitzgerald
78%
FNAF 2 (Custom Nights) Fritz Smith
43%
FNAF 4 Chris Afton
37%
No matching quizzes found
Score Distribution
Percent of People with Each Score
Percentile by Number Answered
Your Score History
You have not taken this quiz